Δυσφαγία / Κλινική Αντιμετώπιση σε Ενήλικες και Παιδιά (Record no. 6006)
[ view plain ]
| 000 -LEADER | |
|---|---|
| fixed length control field | 02216cam a22002294a 4500 |
| 005 - ΗΜΕΡΟΜΗΝΙΑ ΚΑΙ ΩΡΑ ΤΕΛΕΥΤΑΙΑΣ ΕΝΗΜΕΡΩΣΗΣ | |
| Πεδίο ελέγχου | 20250605164230.0 |
| 008 - FIXED-LENGTH DATA ELEMENTS--GENERAL INFORMATION | |
| Πεδίο ελέγχου σταθερού μήκους | 250528s ||||||||||||||||||||||||d |
| 035 ## - SYSTEM CONTROL NUMBER | |
| System control number | 20929 |
| 020 ## - ISBN | |
| ISBN | 9789603949275 |
| 040 ## - ΠΗΓΗ ΚΑΤΑΛΟΓΟΓΡΑΦΗΣΗΣ | |
| Φορέας πρωτότυπης καταλογογράφησης | MC Athens Campus Library |
| Γλώσσα καταλογογράφησης | Ελληνικά, Μοντέρνα (1453-) |
| Modifying agency | MC Athens Campus Library |
| Κανόνες περιγραφικής καταλογογράφησης | AACR2 |
| 245 1# - ΤΙΤΛΟΣ ΚΑΙ ΔΗΛΩΣΗ ΥΠΕΥΘΥΝΟΤΗΤΑΣ | |
| Τίτλος | Δυσφαγία / Κλινική Αντιμετώπιση σε Ενήλικες και Παιδιά |
| 260 ## - PUBLICATION, DISTRIBUTION, ETC. | |
| Name of publisher, distributor, etc. | Εκδόσεις Παρισιάνου, |
| Date of publication, distribution, etc. | 2013 |
| 300 ## - PHYSICAL DESCRIPTION | |
| Extent | 350 |
| 520 ## - SUMMARY, ETC. | |
| Summary, etc. | Το παρόν βιβλίο παρουσιάζει τη γνώση σε όλα τα πεδία της δυσφαγίας με μια μεγάλη ποικιλία από εύχρηστα χαρακτηριστικά. Θεμέλια, Οι Κλινικές Διαστάσεις της Δυσφαγίας, Φυσιολογική Κατάποση Ενηλίκων, Φυσιολογική Κατάποση και Ανάπτυξη σε Τελειόμηνα και Πρόωρα Νοεγνά, Αίτια και Χαρακτηριστικά της Δυσφαγίας, Διαταραχές σε Παιδιά και Νεογνά, Νευρολογικές Διαταραχές Ενηλίκων, Δυσφαγία και Καρκίνος Κεφαλής και Τραχήλου, Διαταραχές του Οισοφάγου, Αναπνευστικές και Ιατρογενείς Διαταραχές, Αξιολόγηση της Κατάποσης, Κλινική Αξιολόγηση των Ενηλίκων, Ειδικές Εξετάσεις Κατάποσης: Βιντεοακτινοσκόπηση και Ενδοσκόπηση, Ειδικοί Προβληματισμοί στην Αξιολόγηση Βρεφών και Παιδιών, Προσεγγίσεις στη Θεραπεία, Θεραπευτικά Ζητήματα και Επιλογές και Αποφάσεις, Θεραπεία για Βρέφη και Παιδιά, Θεραπεία Ενηλίκων, Ηθικά Ζητήματα. |
| 700 1# - ΠΡΟΣΘΕΤΗ ΑΝΑΓΡΑΦΗ--ΦΥΣΙΚΟ ΠΡΟΣΩΠΟ | |
| Personal name | Crary Michael A |
| 9 (RLIN) | 6917 |
| 700 1# - ΠΡΟΣΘΕΤΗ ΑΝΑΓΡΑΦΗ--ΦΥΣΙΚΟ ΠΡΟΣΩΠΟ | |
| Personal name | Groher Michael E |
| 9 (RLIN) | 6918 |
| 700 1# - ΠΡΟΣΘΕΤΗ ΑΝΑΓΡΑΦΗ--ΦΥΣΙΚΟ ΠΡΟΣΩΠΟ | |
| Personal name | Παπαθανασίου Ηλίας |
| 9 (RLIN) | 6854 |
| 700 1# - ΠΡΟΣΘΕΤΗ ΑΝΑΓΡΑΦΗ--ΦΥΣΙΚΟ ΠΡΟΣΩΠΟ | |
| Personal name | Παπανικολαού Βασίλειος Σ |
| 9 (RLIN) | 6919 |
| 942 ## - ADDED ENTRY ELEMENTS (KOHA) | |
| Koha item type | Books |
| Τύπος τεκμηρίου | Βιβλιοθήκη | Τρέχουσα τοποθεσία | Barcode | Αριθμός εισαγωγής | Ημερομηνία απόκτησης | Ταξιθετικό σύμβολο | Αριθμός αντιτύπου | Κατάσταση απόσυρσης | Κατάσταση χαμένου | Κατάσταση κατεστραμμένου | Μη δανεισμός | Σύνολο δανεισμών | Ημερομηνία τελευταίας εμφάνισης | Η τιμή ισχύει από |
|---|---|---|---|---|---|---|---|---|---|---|---|---|---|---|
| Books | MC Athens Campus Library | MC Athens Campus Library | 9780000060051 | 6661 | 05/06/2025 | 616.323 GRO | 2 | 05/06/2025 | 05/06/2025 |